000 00611cam a2200229 4500
008 090401t1988 xxu||||| |||| 00| 0 eng d
020 _a011752056X
035 _a(Sirsi) u28207
041 _aeng
050 _a711.1
110 _aUnited Kingdom
_bDepartment of the Environment
_9982
245 _aPlanning policy guidance : simplified planning zones
260 _aLondon
_bHMSO
_c1988
300 _a(9)p. ; 30cm.
350 _a2.3
490 _aPPG
_v5
650 _aPPG5
650 _aSIMPLIFIED PLANNING ZONES
710 _aUnited Kingdom
_bWelsh Office
_91214
942 _n0
948 _c04/03/1997
999 _c89218
_d89218